Climate change and natural resource management (Record no. 16301)
[ view plain ]
| 000 -LEADER | |
|---|---|
| fixed length control field | 00413nam a22001457a 4500 |
| 003 - CONTROL NUMBER IDENTIFIER | |
| control field | OSt |
| 008 - FIXED-LENGTH DATA ELEMENTS--GENERAL INFORMATION | |
| fixed length control field | 200820b ||||| |||| 00| 0 eng d |
| 020 ## - INTERNATIONAL STANDARD BOOK NUMBER | |
| ISBN | 978381450673 |
| 082 ## - DEWEY DECIMAL CLASSIFICATION NUMBER | |
| Classification number | 551.6 |
| Item number | LEN/CL |
| 100 ## - MAIN ENTRY--AUTHOR NAME | |
| Personal name | Lenka,S.L. |
| -- | Lenka,N.K. |
| -- | Kundu,S |
| -- | Subba Rao,A |
| 245 ## - TITLE STATEMENT | |
| Title | Climate change and natural resource management |
| 260 ## - PUBLICATION, DISTRIBUTION, ETC. (IMPRINT) | |
| Place of publication | New Delhi |
| Name of publisher | New India Publishing Agency |
| Year of publication | 2013 |
| 300 ## - PHYSICAL DESCRIPTION | |
| Number of Pages | 367 |
| 942 ## - ADDED ENTRY ELEMENTS (KOHA) | |
| Koha item type | Books |
| Withdrawn status | Lost status | Damaged status | Collection code | Home library | Current library | Shelving location | Date acquired | Source of acquisition | Cost, normal purchase price | Full call number | Accession Number | Koha item type |
|---|---|---|---|---|---|---|---|---|---|---|---|---|
| General Books | KAUAET | KAUAET | Scheme | 27/07/2020 | Aman Book stall | 2750.00 | 551.6 LEN/CL | BB 582 | Book Bank scheme for SC students | |||
| KAUAET | KAUAET | NAHEP-CAAST Project | 07/09/2021 | 2750.00 | 551.6 LEN/CL | 26006 | Books |
